Gemeinden Landkreis Regensburg - Statistiken

Allgemein
  • Dieses Quiz wurde 207 mal gespielt
  • Das Durchschnittsergebnis liegt bei 16 aus 41
Antwortstatistiken
Einwohner Gemeindeart Gemeinde % Korrekt
16.253 Marktgemeinde Regenstauf
82%
13.997 Stadtgemeinde Neutraubling
74%
8.442 Gemeinde Obertraubling
73%
13.338 Marktgemeinde Lappersdorf
65%
4.190 Marktgemeinde Donaustauf
60%
7.449 Gemeinde Sinzing
56%
9.301 Marktgemeinde Nittendorf
51%
5.867 Gemeinde Zeitlarn
51%
6.142 Gemeinde Pentling
49%
8.727 Gemeinde Wenzenbach
48%
5.560 Marktgemeinde Beratzhausen
47%
9.326 Stadtgemeinde Hemau
46%
5.286 Marktgemeinde Laaber
45%
5.600 Gemeinde Tegernheim
45%
3.216 Gemeinde Pfatter
42%
5.429 Gemeinde Barbing
41%
4.909 Stadtgemeinde Wörth an der Donau
41%
2.727 Gemeinde Köfering
40%
5.419 Gemeinde Bernhardswald
37%
4.867 Gemeinde Mintraching
36%
8.108 Marktgemeinde Schierling
36%
2.799 Marktgemeinde Kallmünz
35%
3.489 Gemeinde Pettendorf
35%
1.620 Gemeinde Pielenhofen
35%
3.535 Gemeinde Thalmassing
31%
1.799 Gemeinde Bach an der Donau
30%
1.577 Gemeinde Duggendorf
30%
3.295 Gemeinde Alteglofsheim
29%
2.180 Gemeinde Sünching
28%
1.882 Gemeinde Aufhausen
27%
2.001 Gemeinde Deuerling
26%
2.616 Gemeinde Wiesent
25%
2.037 Gemeinde Brennberg
23%
1.426 Gemeinde Brunn
23%
1.525 Gemeinde Wolfsegg
23%
1.471 Gemeinde Altenthann
20%
1.978 Gemeinde Hagelstadt
20%
968 Gemeinde Holzheim am Forst
19%
1.598 Gemeinde Pfakofen
18%
768 Gemeinde Riekofen
15%
1.353 Gemeinde Mötzing
14%
Keine übereinstimmenden Quizze gefunden
Verteilung der Resultate
Anzahl Personen mit jedem Resultat
Perzentil nach korrekt beantworteten Fragen
Ihre Resultats-Entwicklung
Sie haben dieses Quiz noch nicht gespielt